| 000 | 00741nam a2200229 a 4500 | ||
|---|---|---|---|
| 999 |
_c1332 _d1332 |
||
| 001 | 1332 | ||
| 003 | BD-JhCC | ||
| 005 | 20171019205322.0 | ||
| 008 | 171018s19752008bg |||| ||a| 000 0 ben d | ||
| 020 | _a9840746561 | ||
| 035 | _a(BD-JhCC)1332 | ||
| 040 |
_aBD-JhCC _dBD-JhCC |
||
| 041 | _aben | ||
| 082 |
_a182 _bHAL 2008 _223 |
||
| 100 | _aহালিম, মোহাম্মদ আব্দুল | ||
| 245 |
_aগ্রীকদর্শন প্রজ্ঞা প্রসার / _cমোহাম্মদ আব্দুল হালিম, |
||
| 260 |
_aঢাকা : _bবাংলা একাডেমী, _c2008 |
||
| 300 |
_a228 p.; _c24 cm. |
||
| 650 | _aPhilosophy, Ancient | ||
| 942 |
_2ddc _cBK |
||